[Event "Skilling Open CCT 2021"]
[Site "Online"]
[Date "2020.11.19"]
[Round "13.5"]
[White "Anton Guijarro, David"]
[Black "Nakamura, Hikaru"]
[Result "0-1"]
[WhiteElo "2667"]
[BlackElo "2829"]
[Annotator "RC"]
[PlyCount "120"]
[EventDate "2020.11.20"]
[EventType "tourn"]
[EventCountry "NET"]
[Tiebreak "Koya+Number of black wins+Number of wins"]
[SourceTitle "playchess.com"]
[Source "ChessBase"]
[SourceQuality "1"]
[TimeControl "900+10"]

1. d4 {[%emt 0:00:00]} Nf6 {[%emt 0:00:00]} 2. c4 {[%emt 0:00:00]} e6 {[%emt 0:
00:00]} 3. Nc3 {[%emt 0:00:00]} Bb4 {[%emt 0:00:00]} 4. e3 {[%emt 0:00:00]} O-O
{[%emt 0:00:00]} 5. Bd2 {[%emt 0:00:00]} c5 {[%emt 0:00:12]} 6. a3 {[%emt 0:00:
00]} Bxc3 {[%emt 0:00:05]} 7. Bxc3 {[%emt 0:00:01]} Ne4 {[%emt 0:00:04]} 8. Ne2
{[%emt 0:00:24]} b6 {[%emt 0:01:50]} 9. d5 {[%emt 0:00:05]} Bb7 {[%emt 0:00:18]
} 10. f3 {[%emt 0:00:22]} Nxc3 {[%emt 0:00:03]} 11. Nxc3 {[%emt 0:00:01]} exd5
{[%emt 0:00:00]} 12. cxd5 {[%emt 0:00:01]} d6 {[%emt 0:00:14]} 13. e4 {[%emt 0:
00:04]} a6 {[%emt 0:00:41]} 14. Bd3 {[%emt 0:00:10]} b5 {[%emt 0:00:03]} 15.
Qd2 {[%emt 0:00:03]} Nd7 {[%emt 0:00:04]} 16. O-O {[%emt 0:00:04]} Qf6 {
[%emt 0:00:12]} 17. Kh1 {[%emt 0:01:22]} Ne5 {[%emt 0:00:08]} 18. Be2 {[%emt 0:
04:03]} g5 {[%emt 0:00:09]} 19. Nd1 {[%emt 0:00:46]} Ng6 {[%emt 0:00:17]} 20.
Ne3 {[%emt 0:00:26]} Bc8 {[%emt 0:00:02]} 21. g3 {[%emt 0:00:29]} Bh3 {[%emt 0:
00:07]} 22. Rf2 {[%emt 0:00:04]} Rac8 {[%emt 0:01:42]} 23. Bf1 {[%emt 0:00:21]}
Bd7 {[%emt 0:00:02]} 24. Bg2 {[%emt 0:00:21]} c4 {[%emt 0:00:22]} 25. Rc1 {
[%emt 0:02:23]} Ne5 {[%emt 0:00:18]} 26. Qd4 {[%emt 0:00:16]} Qg7 {[%emt 0:02:
24]} 27. Bf1 {[%emt 0:00:42]} f5 {[%emt 0:00:07]} 28. exf5 {[%emt 0:00:23]}
Bxf5 {[%emt 0:00:00]} 29. Nxf5 {[%emt 0:01:25]} Rxf5 {[%emt 0:00:00]} 30. Be2 {
[%emt 0:00:16]} Nd7 {[%emt 0:01:41]} 31. Qd2 {[%emt 0:01:18]} Nf6 {[%emt 0:00:
15]} 32. Qc2 {[%emt 0:00:44]} Rxd5 {[%emt 0:00:04]} 33. f4 {[%emt 0:00:00]} g4
{[%emt 0:00:08]} 34. Bf1 {[%emt 0:00:11]} Qg6 {[%emt 0:00:38]} 35. f5 {[%emt 0:
00:05]} Qg5 {[%emt 0:00:12]} 36. Re1 {[%emt 0:00:23]} Re5 {[%emt 0:00:19]} 37.
Rxe5 {[%emt 0:00:10]} dxe5 {[%emt 0:00:00]} 38. Qd1 {[%emt 0:00:04]} Qe3 {
[%emt 0:02:51]} 39. Qd6 {[%emt 0:00:11]} Rf8 {[%emt 0:00:02]} 40. Re2 {[%emt 0:
01:02]} Qf3+ {[%emt 0:01:46]} 41. Kg1 {[%emt 0:00:02]} Qxf5 {[%emt 0:00:44]}
42. Rxe5 {[%emt 0:00:44]} Qd7 {[%emt 0:00:04]} 43. Rg5+ {[%emt 0:00:25]} Kf7 {
[%emt 0:00:01]} 44. Qxd7+ {[%emt 0:00:04]} Nxd7 {[%emt 0:00:00]} 45. Rxg4 {
[%emt 0:00:00]} Nc5 {[%emt 0:00:15]} 46. Bxc4+ {[%emt 0:01:02]} bxc4 {[%emt 0:
00:02]} 47. Rxc4 {[%emt 0:00:00]} Ne6 {[%emt 0:00:17]} 48. Ra4 {[%emt 0:00:10]}
Rb8 {[%emt 0:00:35]} 49. Rxa6 {[%emt 0:00:52]} Rxb2 {[%emt 0:00:03]} 50. a4 {
[%emt 0:00:01]} Nd4 {[%emt 0:00:21]} 51. h4 {[%emt 0:00:03]} Kg7 {[%emt 0:01:
13]} 52. a5 {[%emt 0:00:06]} Nf5 {[%emt 0:00:08]} 53. Ra8 {[%emt 0:00:21]} Nxg3
{[%emt 0:00:09]} 54. a6 {[%emt 0:00:02]} Ra2 {[%emt 0:00:03]} 55. Ra7+ {
[%emt 0:00:13]} Kh6 {[%emt 0:00:06]} 56. Ra8 {[%emt 0:00:02]} Kh5 {[%emt 0:00:
08]} 57. a7 {[%emt 0:00:31]} Kxh4 {[%emt 0:00:09]} 58. Rb8 {[%emt 0:00:43]}
Rxa7 {[%emt 0:00:00]} 59. Kg2 {[%emt 0:00:02]} Nf5 {[%emt 0:00:06]} 60. Kf3 {
[%emt 0:00:16]} Kg5 {[%emt 0:00:05]} 0-1

[Event "Skilling Open CCT 2021"]
[Site "Online"]
[Date "2020.11.19"]
[Round "13.6"]
[White "Firouzja, Alireza"]
[Black "Karjakin, Sergey"]
[Result "1-0"]
[WhiteElo "2703"]
[BlackElo "2709"]
[Annotator "RC"]
[PlyCount "109"]
[EventDate "2020.11.20"]
[EventType "tourn"]
[EventCountry "NET"]
[Tiebreak "Koya+Number of black wins+Number of wins"]
[SourceTitle "playchess.com"]
[Source "ChessBase"]
[SourceQuality "1"]
[TimeControl "900+10"]

1. Nf3 {[%emt 0:00:00]} d5 {[%emt 0:00:00]} 2. g3 {[%emt 0:00:00]} g6 {[%emt 0:
00:00]} 3. Bg2 {[%emt 0:00:00]} Bg7 {[%emt 0:00:00]} 4. d4 {[%emt 0:00:00]} Nf6
{[%emt 0:00:00]} 5. O-O {[%emt 0:00:01]} O-O {[%emt 0:00:00]} 6. c4 {[%emt 0:
00:02]} dxc4 {[%emt 0:00:00]} 7. Na3 {[%emt 0:00:04]} c5 {[%emt 0:00:04]} 8.
dxc5 {[%emt 0:00:23]} c3 {[%emt 0:00:01]} 9. Nd4 {[%emt 0:00:16]} Na6 {[%emt 0:
01:36]} 10. c6 {[%emt 0:00:34]} Nd5 {[%emt 0:00:01]} 11. Nab5 {[%emt 0:00:10]}
Nab4 {[%emt 0:00:07]} 12. Nxc3 {[%emt 0:00:09]} Nxc3 {[%emt 0:00:02]} 13. bxc3
{[%emt 0:00:01]} Nxc6 {[%emt 0:00:00]} 14. Be3 {[%emt 0:00:07]} Bd7 {[%emt 0:
02:02]} 15. Rb1 {[%emt 0:03:04]} Na5 {[%emt 0:01:44]} 16. Nb3 {[%emt 0:02:16]}
Nxb3 {[%emt 0:02:06]} 17. Rxb3 {[%emt 0:00:45]} Bc6 {[%emt 0:00:09]} 18. Bxc6 {
[%emt 0:00:50]} bxc6 {[%emt 0:00:00]} 19. Qxd8 {[%emt 0:00:23]} Rfxd8 {[%emt 0:
00:03]} 20. Rfb1 {[%emt 0:00:55]} a5 {[%emt 0:00:55]} 21. Ra3 {[%emt 0:00:53]}
h5 {[%emt 0:01:37]} 22. Kg2 {[%emt 0:00:18]} e6 {[%emt 0:02:39]} 23. Rb6 {
[%emt 0:01:25]} a4 {[%emt 0:00:43]} 24. c4 {[%emt 0:00:17]} c5 {[%emt 0:00:35]}
25. Rd3 {[%emt 0:01:42]} Rdb8 {[%emt 0:01:24]} 26. Rdd6 {[%emt 0:01:26]} Bf8 {
[%emt 0:00:14]} 27. Rxb8 {[%emt 0:00:41]} Rxb8 {[%emt 0:00:00]} 28. Ra6 {
[%emt 0:00:01]} Rb2 {[%emt 0:00:12]} 29. Rxa4 {[%emt 0:00:13]} Rxe2 {[%emt 0:
00:02]} 30. Kf3 {[%emt 0:00:39]} Rb2 {[%emt 0:01:10]} 31. Ra8 {[%emt 0:00:35]}
Kg7 {[%emt 0:00:03]} 32. Ke4 {[%emt 0:00:01]} Be7 {[%emt 0:00:19]} 33. a4 {
[%emt 0:00:28]} g5 {[%emt 0:00:34]} 34. a5 {[%emt 0:00:16]} Ra2 {[%emt 0:00:10]
} 35. a6 {[%emt 0:00:12]} Ra3 {[%emt 0:00:29]} 36. Bc1 {[%emt 0:00:39]} Ra2 {
[%emt 0:00:37]} 37. Kd3 {[%emt 0:00:29]} Bf6 {[%emt 0:00:44]} 38. Be3 {[%emt 0:
00:27]} Ra5 {[%emt 0:00:03]} 39. Kc2 {[%emt 0:00:17]} g4 {[%emt 0:00:05]} 40.
Kb3 {[%emt 0:00:16]} Be5 {[%emt 0:00:31]} 41. a7 {[%emt 0:00:14]} Bf6 {[%emt 0:
00:38]} 42. Bxc5 {[%emt 0:00:11]} Rxc5 {[%emt 0:00:01]} 43. Rb8 {[%emt 0:00:06]
} Ra5 {[%emt 0:00:02]} 44. a8=Q {[%emt 0:00:02]} Rxa8 {[%emt 0:00:01]} 45. Rxa8
{[%emt 0:00:00]} Bd4 {[%emt 0:00:02]} 46. Kb4 {[%emt 0:00:25]} Bxf2 {[%emt 0:
00:03]} 47. c5 {[%emt 0:00:03]} h4 {[%emt 0:00:05]} 48. gxh4 {[%emt 0:00:23]}
Bxh4 {[%emt 0:00:01]} 49. Kb5 {[%emt 0:00:15]} Bf6 {[%emt 0:00:11]} 50. Ra4 {
[%emt 0:00:06]} Be5 {[%emt 0:00:01]} 51. Rxg4+ {[%emt 0:00:01]} Kh6 {[%emt 0:
00:01]} 52. c6 {[%emt 0:00:06]} f5 {[%emt 0:00:02]} 53. Rg8 {[%emt 0:00:06]} f4
{[%emt 0:00:13]} 54. Re8 {[%emt 0:00:09]} Kg5 {[%emt 0:00:10]} 55. Rxe6 {
[%emt 0:00:01]} 1-0

[Event "Skilling Open CCT 2021"]
[Site "Online"]
[Date "2020.11.19"]
[Round "13.7"]
[White "Aronian, Levon"]
[Black "Giri, Anish"]
[Result "1-0"]
[WhiteElo "2778"]
[BlackElo "2731"]
[Annotator "TA"]
[PlyCount "67"]
[EventDate "2020.11.20"]
[EventType "tourn"]
[EventCountry "NET"]
[Tiebreak "Koya+Number of black wins+Number of wins"]
[SourceTitle "playchess.com"]
[Source "ChessBase"]
[SourceQuality "1"]

{[%evp 9,67,0,0,6,3,0,16,16,23,0,0,0,0,5,15,0,0,0,0,0,0,-7,-16,-22,-12,-20,-8,
-13,15,0,4,17,20,-8,35,34,47,24,77,37,102,113,135,112,117,26,242,236,277,260,
248,256,285,254,248,254,741,720,29995,29996]} 1. e4 c5 2. Nf3 d6 3. Bc4 Nf6 4.
d3 e6 5. O-O Be7 6. c3 {B50: Sicilian: 2...d6, Miscellaneous.} O-O 7. Re1 a6 8.
Bb3 {The position is equal.} b5 9. Bf4 Bb7 10. Nbd2 Nbd7 11. h3 {[#]} Re8 $146
({Predecessor:} 11... Qb6 12. Bc2 Rac8 13. Qe2 Rfe8 14. Rad1 Bf8 15. Bh2 g6 16.
Bb1 e5 17. a3 Bg7 {0-1 (63) Kirchner,T (2311)-Braeuer,F (2445) Magdeburg 2019})
12. d4 cxd4 13. cxd4 Nb6 14. Qe2 Rc8 15. Bh2 h6 16. Rad1 d5 17. e5 Ne4 18. Bf4
{[%cal Rd2e4]} Na4 19. Rb1 Nb6 20. Nf1 {[%cal Bd2f1,Bf1g3,Bg3e2][%mdl 32]} Nc4
21. Ng3 a5 22. Bc2 Ncd2 23. Rbc1 Nxf3+ (23... Nxg3 $11 {remains equal.} 24.
fxg3 Ne4) 24. Qxf3 {[%cal Rg3e4]} Rc4 (24... Bg5 $14) 25. Ne2 b4 26. Qg4 $36 {
[%mdl 2048] White is really pushing.} Bg5 27. f3 (27. Bd3 $16) 27... f5 $2 {
This move loses the game for Black.} (27... Bxf4 $1 $11 28. Qxf4 Nc5) 28. exf6
$1 $18 {[%mdl 64] [#] Overworked Piece} Nxf6 29. Bxg5 hxg5 30. Qxg5 Qd6 31. Bd3
Rxc1 32. Rxc1 Ba6 $2 (32... Rf8 33. Qf4 Rd8) 33. Bxa6 {[%mdl 64] [#]
Overworked Piece} Qxa6 34. Rc7 {Weighted Error Value: White=0.10/Black=0.52}
1-0

[Event "Skilling Open CCT 2021"]
[Site "Online"]
[Date "2020.11.19"]
[Round "13.8"]
[White "Duda, Jan-Krzysztof"]
[Black "Ding, Liren"]
[Result "1-0"]
[WhiteElo "2774"]
[BlackElo "2836"]
[Annotator "RC"]
[PlyCount "127"]
[EventDate "2020.11.20"]
[EventType "tourn"]
[EventCountry "NET"]
[Tiebreak "Koya+Number of black wins+Number of wins"]
[SourceTitle "playchess.com"]
[Source "ChessBase"]
[SourceQuality "1"]
[TimeControl "900+10"]

1. d4 {[%emt 0:00:00]} Nf6 {[%emt 0:00:00]} 2. c4 {[%emt 0:00:00]} e6 {[%emt 0:
00:00]} 3. Nf3 {[%emt 0:00:00]} d5 {[%emt 0:00:00]} 4. Nc3 {[%emt 0:00:00]} c6
{[%emt 0:00:21]} 5. e3 {[%emt 0:00:10]} Nbd7 {[%emt 0:00:02]} 6. Qc2 {[%emt 0:
00:01]} Bd6 {[%emt 0:00:02]} 7. Bd3 {[%emt 0:00:02]} O-O {[%emt 0:00:02]} 8.
O-O {[%emt 0:00:00]} e5 {[%emt 0:00:05]} 9. cxd5 {[%emt 0:00:03]} cxd5 {
[%emt 0:00:01]} 10. e4 {[%emt 0:00:02]} exd4 {[%emt 0:00:08]} 11. Nxd5 {
[%emt 0:00:04]} Nxd5 {[%emt 0:00:01]} 12. exd5 {[%emt 0:00:00]} h6 {[%emt 0:00:
00]} 13. Nxd4 {[%emt 0:00:05]} Qh4 {[%emt 0:00:02]} 14. Nf3 {[%emt 0:00:00]}
Qh5 {[%emt 0:00:02]} 15. Bh7+ {[%emt 0:00:03]} Kh8 {[%emt 0:00:02]} 16. Qf5 {
[%emt 0:00:00]} Qxf5 {[%emt 0:00:02]} 17. Bxf5 {[%emt 0:00:00]} Nf6 {[%emt 0:
00:01]} 18. Bxc8 {[%emt 0:00:09]} Rfxc8 {[%emt 0:02:20]} 19. Rd1 {[%emt 0:00:
00]} Rd8 {[%emt 0:00:01]} 20. Be3 {[%emt 0:00:04]} Be7 {[%emt 0:00:03]} 21. d6
{[%emt 0:00:02]} Bxd6 {[%emt 0:00:21]} 22. Kf1 {[%emt 0:00:15]} Kg8 {[%emt 0:
00:06]} 23. Rac1 {[%emt 0:01:51]} a6 {[%emt 0:01:04]} 24. Rc4 {[%emt 0:01:36]}
Rd7 {[%emt 0:00:58]} 25. g3 {[%emt 0:02:03]} Rc7 {[%emt 0:00:34]} 26. Rxc7 {
[%emt 0:00:26]} Bxc7 {[%emt 0:00:00]} 27. Rd3 {[%emt 0:00:07]} Rd8 {[%emt 0:00:
35]} 28. Rb3 {[%emt 0:00:04]} b5 {[%emt 0:00:02]} 29. Ra3 {[%emt 0:00:55]} a5 {
[%emt 0:03:15]} 30. Rc3 {[%emt 0:00:03]} Nd5 {[%emt 0:00:01]} 31. Rc5 {[%emt 0:
00:33]} b4 {[%emt 0:00:01]} 32. Ke2 {[%emt 0:00:38]} a4 {[%emt 0:04:56]} 33.
Bd4 {[%emt 0:01:07]} a3 {[%emt 0:00:11]} 34. bxa3 {[%emt 0:03:58]} bxa3 {
[%emt 0:00:18]} 35. Rb5 {[%emt 0:00:02]} Ne7 {[%emt 0:01:28]} 36. Bc5 {[%emt 0:
02:09]} Rd5 {[%emt 0:00:11]} 37. Nd4 {[%emt 0:00:01]} Nf5 {[%emt 0:01:22]} 38.
Nb3 {[%emt 0:00:05]} g5 {[%emt 0:02:23]} 39. Rb4 {[%emt 0:00:59]} Bd6 {[%emt 0:
00:05]} 40. Bxd6 {[%emt 0:00:35]} Nxd6 {[%emt 0:00:11]} 41. Rd4 {[%emt 0:00:00]
} Re5+ {[%emt 0:00:01]} 42. Kd3 {[%emt 0:00:02]} Nf5 {[%emt 0:00:03]} 43. Ra4 {
[%emt 0:01:00]} Re1 {[%emt 0:00:01]} 44. Rxa3 {[%emt 0:00:00]} Rh1 {[%emt 0:00:
01]} 45. Ra5 {[%emt 0:00:20]} Ng7 {[%emt 0:00:01]} 46. a4 {[%emt 0:00:03]} Rxh2
{[%emt 0:00:01]} 47. Ke3 {[%emt 0:00:03]} Ne6 {[%emt 0:00:15]} 48. Rb5 {
[%emt 0:00:29]} Rh1 {[%emt 0:00:36]} 49. a5 {[%emt 0:00:05]} Re1+ {[%emt 0:00:
11]} 50. Kd2 {[%emt 0:00:49]} Re4 {[%emt 0:00:13]} 51. a6 {[%emt 0:00:02]} Ra4
{[%emt 0:00:11]} 52. Ra5 {[%emt 0:00:17]} Rxa5 {[%emt 0:00:15]} 53. Nxa5 {
[%emt 0:00:00]} Nc7 {[%emt 0:00:00]} 54. a7 {[%emt 0:00:01]} h5 {[%emt 0:00:01]
} 55. Ke3 {[%emt 0:00:17]} Kg7 {[%emt 0:00:03]} 56. Nc4 {[%emt 0:00:06]} Kg6 {
[%emt 0:00:15]} 57. Nb6 {[%emt 0:01:38]} Kf5 {[%emt 0:00:01]} 58. Kf3 {[%emt 0:
00:01]} g4+ {[%emt 0:00:18]} 59. Kg2 {[%emt 0:00:53]} Kg5 {[%emt 0:00:01]} 60.
a8=Q {[%emt 0:00:03]} Nxa8 {[%emt 0:00:01]} 61. Nxa8 {[%emt 0:00:00]} f5 {
[%emt 0:00:02]} 62. Nc7 {[%emt 0:00:02]} h4 {[%emt 0:00:03]} 63. gxh4+ {
[%emt 0:00:04]} Kxh4 {[%emt 0:00:13]} 64. Ne6 {[%emt 0:00:00]} 1-0

[Event "Skilling Open CCT 2021"]
[Site "Online"]
[Date "2020.11.19"]
[Round "14.1"]
[White "Vachier-Lagrave, Maxime"]
[Black "Ding, Liren"]
[Result "1/2-1/2"]
[WhiteElo "2860"]
[BlackElo "2836"]
[Annotator "RC"]
[PlyCount "122"]
[EventDate "2020.11.20"]
[EventType "tourn"]
[EventCountry "NET"]
[Tiebreak "Koya+Number of black wins+Number of wins"]
[SourceTitle "playchess.com"]
[Source "ChessBase"]
[SourceQuality "1"]
[TimeControl "900+10"]

1. e4 {[%emt 0:00:00]} c5 {[%emt 0:00:00]} 2. Nf3 {[%emt 0:00:00]} d6 {[%emt 0:
00:00]} 3. d4 {[%emt 0:00:00]} cxd4 {[%emt 0:00:00]} 4. Nxd4 {[%emt 0:00:00]}
Nf6 {[%emt 0:00:00]} 5. Nc3 {[%emt 0:00:00]} a6 {[%emt 0:00:00]} 6. Bd3 {
[%emt 0:00:00]} e5 {[%emt 0:00:00]} 7. Nde2 {[%emt 0:00:00]} Nc6 {[%emt 0:00:
00]} 8. Nd5 {[%emt 0:00:07]} Nxd5 {[%emt 0:00:00]} 9. exd5 {[%emt 0:00:00]} Nb4
{[%emt 0:00:00]} 10. Be4 {[%emt 0:00:11]} a5 {[%emt 0:00:12]} 11. c3 {[%emt 0:
00:51]} Na6 {[%emt 0:00:02]} 12. O-O {[%emt 0:00:02]} f5 {[%emt 0:00:30]} 13.
Bc2 {[%emt 0:00:01]} Be7 {[%emt 0:00:01]} 14. f4 {[%emt 0:00:08]} O-O {[%emt 0:
00:13]} 15. Be3 {[%emt 0:00:02]} e4 {[%emt 0:00:27]} 16. Nd4 {[%emt 0:00:11]}
Nc7 {[%emt 0:01:33]} 17. Bb3 {[%emt 0:00:23]} Bf6 {[%emt 0:00:29]} 18. a4 {
[%emt 0:00:14]} Kh8 {[%emt 0:00:22]} 19. Bc4 {[%emt 0:00:28]} Qe7 {[%emt 0:00:
50]} 20. Qb3 {[%emt 0:00:08]} Na6 {[%emt 0:02:12]} 21. Ne6 {[%emt 0:00:08]}
Bxe6 {[%emt 0:01:41]} 22. dxe6 {[%emt 0:00:00]} Nc5 {[%emt 0:00:00]} 23. Bxc5 {
[%emt 0:00:02]} dxc5 {[%emt 0:00:01]} 24. Rad1 {[%emt 0:01:31]} Rad8 {[%emt 0:
03:43]} 25. Qb5 {[%emt 0:00:04]} g5 {[%emt 0:00:15]} 26. Rd7 {[%emt 0:01:33]}
Rxd7 {[%emt 0:00:03]} 27. Qxd7 {[%emt 0:00:00]} gxf4 {[%emt 0:00:53]} 28. Rxf4
{[%emt 0:00:08]} Bg5 {[%emt 0:00:08]} 29. Qxe7 {[%emt 0:03:36]} Bxe7 {[%emt 0:
00:03]} 30. g4 {[%emt 0:00:00]} fxg4 {[%emt 0:00:25]} 31. Rxg4 {[%emt 0:00:02]}
Rg8 {[%emt 0:00:47]} 32. Rxg8+ {[%emt 0:00:03]} Kxg8 {[%emt 0:00:00]} 33. Kf2 {
[%emt 0:00:00]} Kf8 {[%emt 0:00:30]} 34. Ke3 {[%emt 0:00:02]} Bg5+ {[%emt 0:00:
01]} 35. Kxe4 {[%emt 0:00:01]} Bc1 {[%emt 0:00:41]} 36. Kd5 {[%emt 0:00:03]}
Ke7 {[%emt 0:00:01]} 37. b3 {[%emt 0:00:11]} Bd2 {[%emt 0:03:26]} 38. Bd3 {
[%emt 0:00:02]} h6 {[%emt 0:00:08]} 39. c4 {[%emt 0:00:01]} Be3 {[%emt 0:00:33]
} 40. Be2 {[%emt 0:00:02]} Bd4 {[%emt 0:00:04]} 41. h4 {[%emt 0:00:22]} Bf2 {
[%emt 0:00:03]} 42. h5 {[%emt 0:00:01]} Bd4 {[%emt 0:00:04]} 43. Bf3 {[%emt 0:
00:04]} Bf2 {[%emt 0:00:16]} 44. Ke5 {[%emt 0:00:06]} Bd4+ {[%emt 0:00:03]} 45.
Kf5 {[%emt 0:00:22]} b6 {[%emt 0:00:01]} 46. Bg4 {[%emt 0:00:11]} Bc3 {[%emt 0:
00:07]} 47. Bh3 {[%emt 0:00:05]} Bd4 {[%emt 0:00:08]} 48. Kf4 {[%emt 0:00:02]}
Kd6 {[%emt 0:00:06]} 49. Ke4 {[%emt 0:00:02]} Bc3 {[%emt 0:00:06]} 50. Kf5 {
[%emt 0:00:02]} Ke7 {[%emt 0:00:01]} 51. Bg2 {[%emt 0:00:01]} Bb2 {[%emt 0:00:
10]} 52. Bc6 {[%emt 0:00:04]} Bc3 {[%emt 0:00:07]} 53. Bd7 {[%emt 0:00:09]} Bb2
{[%emt 0:00:01]} 54. Ke4 {[%emt 0:00:02]} Kd6 {[%emt 0:00:01]} 55. Kf4 {
[%emt 0:00:01]} Bc3 {[%emt 0:00:02]} 56. Kf5 {[%emt 0:00:02]} Ke7 {[%emt 0:00:
02]} 57. Bc8 {[%emt 0:00:02]} Bb2 {[%emt 0:00:02]} 58. Kg6 {[%emt 0:00:09]} Bc1
{[%emt 0:00:01]} 59. Kf5 {[%emt 0:00:01]} Bb2 {[%emt 0:00:02]} 60. Kg6 {
[%emt 0:00:00]} Bc1 {[%emt 0:00:00]} 61. Kf5 {[%emt 0:00:01]} Bb2 {[%emt 0:00:
01]} 1/2-1/2

[Event "Skilling Open CCT 2021"]
[Site "Online"]
[Date "2020.11.19"]
[Round "14.2"]
[White "Giri, Anish"]
[Black "Duda, Jan-Krzysztof"]
[Result "1/2-1/2"]
[WhiteElo "2731"]
[BlackElo "2774"]
[Annotator "ChessBase"]
[PlyCount "54"]
[EventDate "2020.11.20"]
[EventType "tourn"]
[EventCountry "NET"]
[Tiebreak "Koya+Number of black wins+Number of wins"]
[SourceTitle "playchess.com"]
[Source "ChessBase"]
[SourceQuality "1"]
[TimeControl "900+10"]

1. e4 {[%emt 0:00:00]} e5 {[%emt 0:00:00]} 2. Nf3 {[%emt 0:00:00]} Nf6 {
[%emt 0:00:00]} 3. Nxe5 {[%emt 0:00:00]} d6 {[%emt 0:00:00]} 4. Nf3 {[%emt 0:
00:00]} Nxe4 {[%emt 0:00:00]} 5. d4 {[%emt 0:00:00]} d5 {[%emt 0:00:00]} 6. Bd3
{[%emt 0:00:00]} Bf5 {[%emt 0:00:00]} 7. O-O {[%emt 0:00:00]} Be7 {[%emt 0:00:
00]} 8. Re1 {[%emt 0:00:00]} O-O {[%emt 0:00:00]} 9. c4 {[%emt 0:00:00]} Nc6 {
[%emt 0:00:00]} 10. cxd5 {[%emt 0:00:03]} Qxd5 {[%emt 0:00:00]} 11. Nc3 {
[%emt 0:00:01]} Nxc3 {[%emt 0:00:03]} 12. bxc3 {[%emt 0:00:00]} Rae8 {[%emt 0:
01:19]} 13. Rb1 {[%emt 0:00:48]} Bxd3 {[%emt 0:00:28]} 14. Qxd3 {[%emt 0:00:03]
} b6 {[%emt 0:00:20]} 15. Bf4 {[%emt 0:00:30]} Qd7 {[%emt 0:02:42]} 16. d5 {
[%emt 0:01:00]} Na5 {[%emt 0:00:55]} 17. Re3 {[%emt 0:01:16]} Bf6 {[%emt 0:02:
04]} 18. Be5 {[%emt 0:03:03]} Bxe5 {[%emt 0:01:08]} 19. Nxe5 {[%emt 0:00:02]}
Qa4 {[%emt 0:00:01]} 20. Rbe1 {[%emt 0:01:27]} f6 {[%emt 0:03:00]} 21. Rh3 {
[%emt 0:00:03]} g6 {[%emt 0:00:16]} 22. Rxh7 {[%emt 0:00:10]} Kxh7 {[%emt 0:00:
12]} 23. Qxg6+ {[%emt 0:00:10]} Kh8 {[%emt 0:00:01]} 24. Qh5+ {[%emt 0:01:38]}
Kg7 {[%emt 0:00:18]} 25. Qg6+ {[%emt 0:00:04]} Kh8 {[%emt 0:00:05]} 26. Qh6+ {
[%emt 0:00:11]} Kg8 {[%emt 0:00:01]} 27. Qg6+ {[%emt 0:00:10]} Kh8 {[%emt 0:00:
01]} 1/2-1/2

[Event "Skilling Open CCT 2021"]
[Site "Online"]
[Date "2020.11.19"]
[Round "14.3"]
[White "Karjakin, Sergey"]
[Black "Aronian, Levon"]
[Result "0-1"]
[WhiteElo "2709"]
[BlackElo "2778"]
[Annotator "RC"]
[PlyCount "62"]
[EventDate "2020.11.20"]
[EventType "tourn"]
[EventCountry "NET"]
[Tiebreak "Koya+Number of black wins+Number of wins"]
[SourceTitle "playchess.com"]
[Source "ChessBase"]
[SourceQuality "1"]
[TimeControl "900+10"]

1. d4 {[%emt 0:00:00]} Nf6 {[%emt 0:00:00]} 2. Bg5 {[%emt 0:00:00]} d5 {
[%emt 0:00:00]} 3. Nd2 {[%emt 0:00:00]} c5 {[%emt 0:00:15]} 4. dxc5 {[%emt 0:
00:00]} e6 {[%emt 0:00:34]} 5. e4 {[%emt 0:00:00]} h6 {[%emt 0:00:41]} 6. Bh4 {
[%emt 0:00:19]} dxe4 {[%emt 0:00:21]} 7. Nxe4 {[%emt 0:00:38]} Qa5+ {[%emt 0:
00:03]} 8. Nd2 {[%emt 0:01:39]} Qxc5 {[%emt 0:00:33]} 9. Ngf3 {[%emt 0:00:06]}
Nbd7 {[%emt 0:00:23]} 10. Bd3 {[%emt 0:00:10]} b6 {[%emt 0:00:03]} 11. Qe2 {
[%emt 0:01:14]} Bb7 {[%emt 0:00:58]} 12. O-O-O {[%emt 0:00:01]} Be7 {[%emt 0:
02:21]} 13. Kb1 {[%emt 0:00:03]} Rc8 {[%emt 0:00:28]} 14. Rhe1 {[%emt 0:01:12]}
O-O {[%emt 0:01:01]} 15. g4 {[%emt 0:02:23]} Rfd8 {[%emt 0:00:08]} 16. g5 {
[%emt 0:00:57]} hxg5 {[%emt 0:00:20]} 17. Bxg5 {[%emt 0:00:01]} Nd5 {[%emt 0:
03:16]} 18. Rg1 {[%emt 0:02:57]} Bxg5 {[%emt 0:00:48]} 19. Rxg5 {[%emt 0:00:04]
} Qb4 {[%emt 0:00:07]} 20. Ne4 {[%emt 0:00:24]} Nf4 {[%emt 0:00:12]} 21. Qe3 {
[%emt 0:00:06]} Nxd3 {[%emt 0:01:18]} 22. cxd3 {[%emt 0:00:48]} Bxe4 {[%emt 0:
00:49]} 23. dxe4 {[%emt 0:00:03]} Nf6 {[%emt 0:00:10]} 24. Nd4 {[%emt 0:03:50]}
g6 {[%emt 0:02:05]} 25. a3 {[%emt 0:01:33]} Qa4 {[%emt 0:00:23]} 26. Rd2 {
[%emt 0:00:28]} e5 {[%emt 0:00:10]} 27. Rxe5 {[%emt 0:00:23]} Ng4 {[%emt 0:00:
11]} 28. Qf4 {[%emt 0:00:01]} Nxe5 {[%emt 0:00:53]} 29. Qxe5 {[%emt 0:00:00]}
Qc4 {[%emt 0:00:38]} 30. Rd1 {[%emt 0:00:23]} Rc6 {[%emt 0:00:24]} 31. b3 {
[%emt 0:00:27]} Qc3 {[%emt 0:00:09]} 0-1